Avon : building the world's premier company for women

Bibliographic Details
Main Author: Klepacki, Laura (Author)
Format: Book
Language:English
Published: Hoboken, NJ : John Wiley , c2005
Subjects:

MARC

LEADER 00000cam a2200000 7i4500
001 0000004221
005 20070111093000.0
008 060824 nju i eng
020 |a 0471710261 
090 0 0 |a HD9970.5.C674   |b A966 2005 
100 1 |a Klepacki, Laura ,   |e author 
245 1 0 |a Avon :   |b building the world's premier company for women   |c Laura Klepacki ; [foreword by Andrea Jung] 
260 2 |a Hoboken, NJ :   |b John Wiley ,   |c c2005 
300 |a viii, 264 p. :   |b ill. ;   |c 24 cm. 
504 |a Includes bibliographical references (p. 251-257) and index 
610 2 0 |a Avon Products, inc. 
650 0 |a Cosmetics industry 
650 0 |a Direct selling 
999 |a 1000105387   |b Book   |c OPEN SHELF (30 DAYS)   |e Gong Badak Campus